000 01980nam a2200205 a 4500
008 171102e2015 ag ||||| |||| 00| e spa d
020 _a9789508453280
041 _aspa
092 _c807
_l97
_sYEL
100 1 _aYelin, Julieta
_93312
245 3 _aLa letra salvaje.
_bEnsayos sobre literatura y animalidad /
_cJulieta Yelin
250 _a1a ed.
260 _aBuenos Aires:
_bBeatriz Viterbo Editora;
_c2015.
300 _a220 p.
500 _aYelin, J. (2015). La letra salvaje. Ensayos sobre literatura y animalidad. (1a ed.). Santa Fe : Beatriz Viterbo Editora
505 _aDesde muchos foros se anuncia, desde hace años, un nuevo mapa de las humanidades: la teoría literaria cedería su hegemonía a la literatura comparada, y los estudios de las literaturas nacionales y continentales quedarían como herramientas para pensar lo global. Este ensayo de Julieta Yelin desmiente muchas de las certidumbres que supone ese dibujo entusiasta: no retrocede ante los desafíos de la teoría y la filosofía, desde Jacques Derrida o Giorgio Agamben, pero no se mimetiza discursivamente con esas figuras. No se limita a una lengua o una literatura continental (en su caso la iberoamericana) sino que enseña, en el doble sentido de mostrar y de transmitir conocimiento, que al mismo tiempo que se atraviesa ese ámbito, en la segunda mitad del siglo XX, se puede leer de modo riguroso, y severamente desafiante, a Franz Kafka. ¿Al mismo tiempo? Si, y no solo de manera derivativa. Yelin no se subordina a la oposición sencilla entre central y periférico, sino que exhibe el modo real en que se lee literatura: como una membrana de tejido irregular, pero toda ella a nuestro alcance. El lugar del lector no es aquí una limitación, sino la marca de una posición critica singular, americana y a la vez libre y ubicua. Los mejores rasgos de comparativismo en acto.
590 _aDonacion Fondo Nacional de las Artes Oct2017
655 _aLiteratura
_92917
942 _2ddc
_cLIT
999 _c2526
_d2526